ARRUPE JESUIT UNIVERSITY

CORONAVIRUS -STOP THE SPREAD - CLEAN,DISINFECT,COVER

The land God made in anger, (Record no. 120366)

MARC details
000 -LEADER
fixed length control field 00723cam a2200229 4500
001 - CONTROL NUMBER
control field 2648968
003 - CONTROL NUMBER IDENTIFIER
control field ARRUPE
005 - DATE AND TIME OF LATEST TRANSACTION
control field 20140402144202.0
008 - FIXED-LENGTH DATA ELEMENTS--GENERAL INFORMATION
fixed length control field 690923s1969 iluab 001 0 eng
010 ## - LIBRARY OF CONGRESS CONTROL NUMBER
LC control number 68025127
040 ## - CATALOGING SOURCE
Original cataloging agency DLC
Transcribing agency DLC
Modifying agency DLC
050 00 - LIBRARY OF CONGRESS CALL NUMBER
Classification number DT703
Item number .W5
082 00 - DEWEY DECIMAL CLASSIFICATION NUMBER
Classification number 916.8/8/046
300 ## - PHYSICAL DESCRIPTION
Other physical details illus., maps.
Dimensions 22 cm.
100 1# - MAIN ENTRY--PERSONAL NAME
Personal name White, Jon Manchip,
Dates associated with a name 1924-2013.
9 (RLIN) 9725
245 14 - TITLE STATEMENT
Title The land God made in anger,
Remainder of title reflections on a journey through South West Africa,
Statement of responsibility, etc by Jon Manchip White.
260 ## - PUBLICATION, DISTRIBUTION, ETC. (IMPRINT)
Place of publication, distribution, etc Chicago,
Name of publisher, distributor, etc Rand McNally
Date of publication, distribution, etc [1969]
300 ## - PHYSICAL DESCRIPTION
Extent 308 p.
350 ## - PRICE (NR) (BK AM CF MU VM SE) [OBSOLETE]
Price 7.95
651 #0 - SUBJECT ADDED ENTRY--GEOGRAPHIC NAME
Geographic name Namibia
General subdivision Description and travel.
9 (RLIN) 9726
906 ## - LOCAL DATA ELEMENT F, LDF (RLIN)
a 7
b cbc
c orignew
d u
e ncip
f 19
g y-gencatlg
942 ## - ADDED ENTRY ELEMENTS (KOHA)
Source of classification or shelving scheme Library of Congress Classification
Koha item type REFERENCE
Holdings
Withdrawn status Lost status Source of classification or shelving scheme Damaged status Not for loan Collection code Home library Current library Shelving location Date acquired Total Checkouts Full call number Barcode Date last seen Price effective from Koha item type
    Library of Congress Classification     SPECIAL Collection ARRUPE LIBRARY ARRUPE LIBRARY Main Collection 02/04/2014   SPC DT1575 .W585 46500001792 02/04/2014 02/04/2014 REFERENCE

 

Arrupe Library. PO Box MP320 Mt Pleasant, Harare, Zimbabwe
263 242 745411|librarian@aju.ac.zw